00442nam a2200121Ia 4500008004100000020001800041050002200059100002400081245007600105260004100181300002000222650007800242120721s9999 xx 000 0 und d a968-6664-53-5 aR854.M4 P426 1991 aPérez Tamayo, Ruy aNotas sobre la ignorancia médica y otros ensayos / Ruy Pérez Tamayo aMéxico : El Colegio Nacional, 1991 a260 p. ; 22 cm. a1. Medicina - Investigación - México 2. Errores medicos - MéxicoÌ